| 000 | 01057cam a22002891i 4500 | ||
|---|---|---|---|
| 003 | SA-RiAUC | ||
| 005 | 20250706063352.0 | ||
| 008 | 250705s1985 ua b g b 00000 ara c | ||
| 020 | _a9770402125 | ||
| 040 |
_aSA-RiAUC _bara _cSA-RiAUC _erda |
||
| 050 | 4 | _b.A234 1985 | |
| 082 | 0 | 4 |
_a256.6 _qSA-RiAUC |
| 090 |
_a256.6 _b ع ب د ح |
||
| 100 | 1 |
_aعبد الحليم، رجب محمد _eمؤلف. |
|
| 245 | 1 | 2 |
_aالردة في ضوء مفهوم جديد / _cتأليف رجب محمد عبد الحليم. |
| 264 | 1 |
_aالقاهرة : _bدار النهضة العربية للطبع والنشر، _c1985 |
|
| 300 |
_a142 صفحة : _bخرائط ؛ _c24 سم |
||
| 336 |
_aنص _btxt _2rdacontent _3كتاب |
||
| 337 |
_aبدون وسيط _bn _2rdamedia |
||
| 338 |
_aمجلد _bnc _2rdacarrier |
||
| 504 | _aببليوجرافية : صفحة 135-140. | ||
| 590 | _aاسماء. | ||
| 650 | 7 |
_aالردة (فقه إسلامي) _2aucsh |
|
| 942 |
_2ddc _cBOOK _n0 |
||
| 949 |
_aSA-JeALM _d250705 _umohamedma123 _n1 |
||
| 999 |
_c9527 _d9527 |
||